Ritagli Circolari da una Mappa del Mondo - Statistics

Statistiche generali
  • Questo quiz è stato fatto 6.747 volte
  • Il punteggio medio è 8 su 12
Statistiche sulle risposte
con Immagini Risposta % Corretto
Albania | Grecia | Italia
100%
Giappone | Corea del Nord | Corea del Sud
90%
Gibuti | Eritrea | Etiopia | Somalia | Yemen
83%
Bahamas | Cuba | Repubblica Dominicana | Haiti | Giamaica
79%
Cina | India | Nepal | Pakistan
78%
Bahrain | Qatar | Arabia Saudita | Emirati Arabi Uniti
76%
Danimarca | Norvegia | Regno Unito
69%
Algeria | Ciad | Libia | Niger
65%
Canada | Stati Uniti
56%
Australia
49%
Mongolia | Russia
38%
Brasile | Colombia | Venezuela
25%
Nessun quiz corrispondente trovato
Distribuzione punteggi
Percentuale di utenti per punteggio
Percentile per numero di risposta
I tuoi punteggi nel tempo
Non hai fatto questo quiz